[Event "Berlin qualification op"]
[Site "Berlin"]
[Date "2010.04.08"]
[Round "6"]
[White "Weule, Petra"]
[Black "Meinicke, Kurt"]
[Result "0-1"]
[WhiteElo "780"]
[BlackElo "1400"]
[PlyCount "54"]
[EventDate "2010.04.03"]
[EventType "swiss"]
[EventRounds "9"]
[EventCountry "GER"]
[SourceTitle "EXT 2012"]
[Source "ChessBase"]
[SourceDate "2011.11.24"]
[SourceVersion "1"]
[SourceVersionDate "2011.11.24"]
[SourceQuality "1"]

1. d4 d5 2. c4 Nf6 3. Nc3 e6 4. e3 Bb4 5. a3 Bxc3+ 6. bxc3 0-0 7. c5 Bd7 8. Nf3 b6 9. Ne5 Ne4 10. Bd3 Nxc3 11. Qd2 Ne4 12. Qe2 bxc5 13. Bb2 c6 14. 0-0 f6 15. Nf3 Na6 16. Bxa6 c4 17. a4 Qb6 18. Ba3 Rfe8 19. Nh4 Qxa6 20. Qc2 e5 21. dxe5 fxe5 22. Bb2 c5 23. Nf3 Qg6 24. Nxe5 Rxe5 25. Bxe5 Bh3 26. g3 Qh5 27. Rfd1 Qf3 0-1

[Event "Berlin qualification op"]
[Site "Berlin"]
[Date "2010.04.07"]
[Round "5"]
[White "Schmidek, Emil"]
[Black "Weule, Petra"]
[Result "1-0"]
[WhiteElo "1432"]
[BlackElo "780"]
[PlyCount "63"]
[EventDate "2010.04.03"]
[EventType "swiss"]
[EventRounds "9"]
[EventCountry "GER"]
[SourceTitle "EXT 2012"]
[Source "ChessBase"]
[SourceDate "2011.11.24"]
[SourceVersion "1"]
[SourceVersionDate "2011.11.24"]
[SourceQuality "1"]

1. e4 e5 2. Nf3 Nc6 3. Bc4 Nf6 4. Nc3 Bb4 5. Nd5 Na5 6. Nxb4 Qe7 7. Nd5 Qc5 8. Nxf6+ gxf6 9. Be2 d6 10. c3 Be6 11. b4 Qb6 12. bxa5 Qxa5 13. Qc2 0-0-0 14. Qb2 Rhg8 15. g3 Rh8 16. Qb4 Qxb4 17. cxb4 h6 18. Bb2 h5 19. Nh4 Rd7 20. d4 Kd8 21. dxe5 dxe5 22. f4 b6 23. f5 c6 24. fxe6 fxe6 25. Rd1 Kc7 26. Rxd7+ Kxd7 27. 0-0 Rh7 28. Rxf6 Kd6 29. Ng6 b5 30. Bxe5+ Kd7 31. Nf8+ Ke7 32. Nxh7 1-0

[Event "Berlin qualification op"]
[Site "Berlin"]
[Date "2010.04.05"]
[Round "3"]
[White "Weule, Petra"]
[Black "Agapova, Svetlana"]
[Result "0-1"]
[WhiteElo "780"]
[BlackElo "1400"]
[PlyCount "78"]
[EventDate "2010.04.03"]
[EventType "swiss"]
[EventRounds "9"]
[EventCountry "GER"]
[SourceTitle "EXT 2012"]
[Source "ChessBase"]
[SourceDate "2011.11.24"]
[SourceVersion "1"]
[SourceVersionDate "2011.11.24"]
[SourceQuality "1"]

1. d4 d5 2. c4 Nf6 3. Nc3 Nc6 4. e3 e5 5. Nf3 exd4 6. exd4 Be6 7. g3 h6 8. c5 Be7 9. Bg2 Bg4 10. 0-0 Qd7 11. Qd3 b6 12. Be3 Bf5 13. Qe2 0-0 14. a3 Rae8 15. b4 Bg4 16. Rab1 Bd8 17. a4 Nxd4 18. Qd1 Nc6 19. Bf4 d4 20. Nb5 a6 21. Na3 Nd5 22. Nc2 Nc3 23. Qd3 Nxb1 24. Rxb1 Bf6 25. Nh4 Bxh4 26. gxh4 Bf5 27. Qg3 Qe6 28. Rc1 Kh8 29. Bxc7 b5 30. Be5 Rg8 31. Bf4 Qe2 32. Bd5 Ne5 33. Kg2 Bxc2 34. Bc6 Nxc6 35. h5 Be4+ 36. Kh3 Qxh5+ 37. Qh4 Bf5+ 38. Kg3 Qxh4+ 39. Kxh4 Re2 0-1

[Event "Berlin qualification op"]
[Site "Berlin"]
[Date "2010.04.04"]
[Round "2"]
[White "Moeller, Dirk Halvard"]
[Black "Weule, Petra"]
[Result "1-0"]
[WhiteElo "1634"]
[BlackElo "780"]
[PlyCount "53"]
[EventDate "2010.04.03"]
[EventType "swiss"]
[EventRounds "9"]
[EventCountry "GER"]
[SourceTitle "EXT 2012"]
[Source "ChessBase"]
[SourceDate "2011.11.24"]
[SourceVersion "1"]
[SourceVersionDate "2011.11.24"]
[SourceQuality "1"]

1. e4 Nf6 2. e5 Nd5 3. c4 Nb6 4. d4 e6 5. Nc3 Nc6 6. Nf3 d5 7. c5 Nd7 8. Bb5 Ne7 9. Ng5 Nf5 10. 0-0 Be7 11. Qh5 Bxg5 12. Bxg5 Nxd4 13. Bxd8 0-0 14. Bd3 Rxd8 15. Qxh7+ Kf8 16. Qh8+ Ke7 17. Qh4+ f6 18. exf6+ Nxf6 19. Qxd4 Bd7 20. Qe5 Rh8 21. Nxd5+ Kf7 22. Nxf6 gxf6 23. Qxc7 Ke7 24. Qd6+ Kd8 25. Rfe1 a5 26. Rxe6 b6 27. Qxb6+ 1-0